000 09179nam a22007818a 4500
005 20091204111655.0
008 090417s2009 ii 000 0 eng
010 _aB-363365-406
020 _a9788183481595
_c475.00
035 _aB-363365-406
037 _bDBAD / VEN
040 _adpl
_bEnglish
082 _a000
100 _aTripathi, Brijesh
245 _aPathfinder for CDS examination (Combine Defence Services) (conducted by Union Public Service Commission) /
_cby Brijesh Tripathi, Satyajeet Rawat [and] Neetika Goyal
260 _aMeerut
_bArihant Prakashan
_c2009
270 _aKalindi, TP Nagar,
_bMeerut
300 _aVarious pagings
_c30cm(pbk)
490 _aCDSE study skills
500 _aMore than 8000 objective questions
650 _aCombine Defence Services Examination
700 _aRawat, Satyajeet
700 _aGoyal, Neetika
942 _2ddc
_cEN
_mTRI
_h000
999 _c32105
_d32105